Statistics for top gear quiz #1

Click here to take the quiz!

General Stats

  • This quiz has been taken 183 times
  • The average score is 6 of 19

Answer Stats

Country:Hint:Answer:% Correct
UKHostJeremy Clarkson
98%
UKCo-HostRichard Hammond
98%
UKCo-HostJames May
98%
UK | USTeam Racing DriverThe Stig
95%
UKMay's NicknameCaptain Slow
71%
UKMay's Fav. CarFiat Panda
18%
UKHammond's NicknameThe Hamster
15%
USCo-HostTanner Foust
14%
USCo-HostRutledge Wood
7%
USHostAdam Ferrara
6%
UKHammond's Fav. CarPorsche 911 Carrera Turbo S
4%
UKSlowest Car TestedP-45
4%
UKJeremy's NicknameThe Orangitan
3%
UKClarksons Fav. CarMercedes-Benz SLS AMG
3%
UKFastest Car TestedBugatti Veyron SS
3%
USAdam's NicknameMother Trucker
3%
USTanner's NicknameTiny Dancer
3%
USRut's NicknameThe Bearded Lady
3%

Score Distribution

Percentile by Number Answered

Percent of People with Each Score

Your Score History

You have not taken this quiz